Visualizzazione normale
Vista MARC
- Cat Stevens
di Personal Name
Records bibliografici associati: 1
001 - CONTROL NUMBER
- control field: 1524
003 - CONTROL NUMBER IDENTIFIER
- control field: IT-RoPau
005 - DATE AND TIME OF LATEST TRANSACTION
- control field: 20131109105740.0
008 - FIXED-LENGTH DATA ELEMENTS
- fixed length control field: 131109|| aca||aabn | a|a d
040 ## - CATALOGING SOURCE
- Original cataloging agency: IT-RoPau
- Transcribing agency: IT-RoPau
100 ## - HEADING--PERSONAL NAME
- Personal name: Cat Stevens
- Relator term: Autore testo e musica
- Miscellaneous information: Codice autore testo/musica SPICS: 8284
670 ## - SOURCE DATA FOUND
- Source citation: Work cat.: (IT-RoPau)101332: Cat Stevens 1521, Buddha and the Chocolate Box (Lp Ilps 19274)